| 000 | 00621nam a22001577a 4500 | ||
|---|---|---|---|
| 008 | 170308b xxu||||| |||| 00| 0 eng d | ||
| 082 |
_22016 _aUT 0723 _bM27 |
||
| 100 |
_919133 _aMagdadaro, Eileen Claire N. |
||
| 245 |
_aAvian Species As Indicator Of Urban Development in Digos City _cEileen Claire N. Magdadaro, Sheena Mae N. Roxas and Elika Faye M. Alfonso. |
||
| 300 |
_a83 pages; _b28 cm. |
||
| 650 | 0 |
_919134 _aEducation _vBiological Science _xUndergraduate Thesis. |
|
| 700 |
_919135 _aMagdadaro, Eileen Claire N. |
||
| 700 |
_919136 _aRoxas, Sheena Mae N. |
||
| 700 |
_919137 _aAlfonso, Elika Faye M. |
||
| 942 |
_2ddc _cUT |
||
| 999 |
_c6363 _d6363 |
||